| 000 | 00602nam a2200205 4500 | ||
|---|---|---|---|
| 010 | _aB-130510 | ||
| 020 | _a0753407760 | ||
| 035 | _aB-130510 | ||
| 037 | _aCen Lib/Ret | ||
| 040 |
_aDPL _bEN |
||
| 082 |
_a030 _bKIN |
||
| 245 |
_aThe Kingfisher A-Z encyclopedia / _cedited by Ben Hoare |
||
| 260 |
_aNew York _bKingfisher Publication Plc _c2002 |
||
| 270 |
_aNew Penderal House _bNew York |
||
| 300 |
_a399p. _b30cm |
||
| 650 | _aEncyclopedias and dictionaries. | ||
| 650 | _aChildren's encyclopedias and dictionaries. | ||
| 700 | _aBen Hoare | ||
| 942 |
_2ddc _cEN _h030 _mKIN |
||
| 999 |
_c136433 _d136433 |
||